Biblioteca

Pictorial Library of Bible Lands : Galilea, Samaria, Negev, Jordan / Todd Bolen (Registro nro. 42575)

Detalles MARC
000 -LÍDER
Campo fijo de descripción fija 004570000a22001450004500
001 - NÚMERO DE CONTROL
Campo de control 13618
100 1# - ASIENTO PRINCIPAL--NOMBRE PERSONAL
Nombre personal Bolen, Todd
245 10 - TÍTULO
Título del Material Pictorial Library of Bible Lands : Galilea, Samaria, Negev, Jordan / Todd Bolen
336 ## - CONTENT TYPE
Content type term texto
Content type code txt
Source rdacontent
337 ## - MEDIA TYPE
Source rdamedia
Media type term sin mediación
Media type code n
338 ## - CARRIER TYPE
Source rdacarrier
Carrier type term volumen
Carrier type code nc
500 ## - NOTA GENERAL
Nota General En este CD se encuentran las presentaciones Power Point de los Vol 1, 2, 5 y 6
942 ## - TIPO DE MATERIAL (KOHA)
Tipo de Item KOHA Libros General
Existencias
Estado de Material Estado de Perdido Estado de Dañado No para Préstamo Colección Tomo Biblioteca de Origen Biblioteca Permanente Fecha de Adquisición Total de Préstamos Signatura Topográfica Código de Barras Última vez visto Ejemplar/Existencia Fecha de Remplazo Tipo de Material
        Colección Audiovisual   Biblioteca FUSBC Biblioteca FUSBC 08/03/2006   15654 12/12/2019 Ej. 1 26/01/2016 CD

Biblioteca FUSBC | Teléfono: (57+4) 349 88 10 Ext. 141| WhatsApp (+57) 3005338115 
E-mail: biblioteca@unisbc.edu.co | Calle 76 87-14 Robledo Palenque, Medellín, Colombia

Con tecnología Koha